<?xml version="1.0" encoding="UTF-8"?><?xml-stylesheet type="text/xsl" href="static/style.xsl"?><OAI-PMH xmlns="http://www.openarchives.org/OAI/2.0/" xmlns:xsi="http://www.w3.org/2001/XMLSchema-instance" xsi:schemaLocation="http://www.openarchives.org/OAI/2.0/ http://www.openarchives.org/OAI/2.0/OAI-PMH.xsd"><responseDate>2026-06-06T04:20:18Z</responseDate><request verb="GetRecord" identifier="oai:riuma.uma.es:10630/17398" metadataPrefix="marc">https://riuma.uma.es/rest/oai/request</request><GetRecord><record><header><identifier>oai:riuma.uma.es:10630/17398</identifier><datestamp>2026-02-03T10:17:52Z</datestamp><setSpec>com_10630_1685</setSpec><setSpec>col_10630_38085</setSpec></header><metadata><record xmlns="http://www.loc.gov/MARC21/slim" xmlns:dcterms="http://purl.org/dc/terms/" xmlns:doc="http://www.lyncode.com/xoai" xmlns:xsi="http://www.w3.org/2001/XMLSchema-instance" xsi:schemaLocation="http://www.loc.gov/MARC21/slim http://www.loc.gov/standards/marcxml/schema/MARC21slim.xsd">
   <leader>00925njm 22002777a 4500</leader>
   <datafield ind2=" " ind1=" " tag="042">
      <subfield code="a">dc</subfield>
   </datafield>
   <datafield ind2=" " ind1=" " tag="720">
      <subfield code="a">Pino-Díaz, José</subfield>
      <subfield code="e">author</subfield>
   </datafield>
   <datafield ind2=" " ind1=" " tag="260">
      <subfield code="c">2019-03-04</subfield>
   </datafield>
   <datafield ind2=" " ind1=" " tag="520">
      <subfield code="a">¿Qué es Text Mining?&#xd;
La minería de textos es un área de la informática relacionada con el procesamiento del lenguaje natural, la minería de datos, el aprendizaje automático, la recuperación de información y la gestión del conocimiento.&#xd;
La minería de textos se emplea para extraer información útil de datos textuales no estructurados a través de la identificación y exploración de patrones interesantes. Forma parte del proceso KDD (Knowledge Diyscovery Databases).&#xd;
La minería de textos permite ahorrar tiempo y dinero.</subfield>
   </datafield>
   <datafield ind1="8" ind2=" " tag="024">
      <subfield code="a">https://hdl.handle.net/10630/17398</subfield>
   </datafield>
   <datafield tag="653" ind2=" " ind1=" ">
      <subfield code="a">Análisis de datos</subfield>
   </datafield>
   <datafield ind2="0" ind1="0" tag="245">
      <subfield code="a">R Text Mining Solution (R.Temis) en el análisis avanzado de documentos de text.o</subfield>
   </datafield>
</record>
</metadata></record></GetRecord></OAI-PMH>